Suku Kaum
| Main Author: | |
|---|---|
| Format: | Book |
| Published: |
Petaling Jaya :
Prisma Sdn Bhd ,
1993
|
| Series: | Mengenal Sarawak
|
| Subjects: |
MARC
| LEADER | 00000cam a2200000 7i4500 | ||
|---|---|---|---|
| 001 | 0000097635 | ||
| 005 | 20210805.0 | ||
| 008 | 100526 bm | ||
| 020 | |a 9838230235 | ||
| 090 | 0 | 0 | |a J 959.54 SIR |
| 100 | 1 | |a Amran Abdullah | |
| 245 | 1 | 0 | |a Suku Kaum |c Amran Abdullah |
| 260 | |a Petaling Jaya : |b Prisma Sdn Bhd , |c 1993 | ||
| 300 | |a 178 pages : |b ill ; |c 22cm. | ||
| 440 | 0 | |a Mengenal Sarawak | |
| 650 | 0 | 0 | |a Negeri |
| 999 | |a 0000262195 |b Buku |c Rak Terbuka |e Perpustakaan Cawangan Jasin | ||